Vegetos (Record no. 1558043)

MARC details
000 -LEADER
fixed length control field 00733nas a2200265 a 4500
005 - DATE AND TIME OF LATEST TRANSACTION
control field 20221210113616.0
008 - FIXED-LENGTH DATA ELEMENTS--GENERAL INFORMATION
fixed length control field 221018c ii fx|p| |||| 00| 0 eng d
040 ## - CATALOGING SOURCE
Original cataloging agency NLI
Language of cataloging eng
Transcribing agency Periodical Division
044 ## - COUNTRY OF PUBLISHING/PRODUCING ENTITY CODE
MARC country code ii
082 04 - DEWEY DECIMAL CLASSIFICATION NUMBER
Edition number 23rd ed.
100 1# - MAIN ENTRY--PERSONAL NAME
Linkage 880-01
245 10 - TITLE STATEMENT
Linkage 880-02
Title Vegetos
260 ## - PUBLICATION, DISTRIBUTION, ETC.
Place of publication, distribution, etc. Bareilly :
Name of publisher, distributor, etc. Department of Botany, Bareilly College,
Date of publication, distribution, etc. 1988-
300 ## - PHYSICAL DESCRIPTION
Extent -v.
310 ## - CURRENT PUBLICATION FREQUENCY
Current publication frequency Bi-annual
362 ## - DATES OF PUBLICATION AND/OR SEQUENTIAL DESIGNATION
Dates of publication and/or sequential designation v.1 no.1 (1988)-
500 ## - GENERAL NOTE
General note Department of Botany, Bareilly College, Bareilly - 243 005
650 #0 - SUBJECT ADDED ENTRY--TOPICAL TERM
Topical term or geographic name entry element Food and Nutrition
9 (RLIN) 1435920
700 1# - ADDED ENTRY--PERSONAL NAME
Linkage 880-03
710 ## - ADDED ENTRY--CORPORATE NAME
Corporate name or jurisdiction name as entry element Bareilly College.
Subordinate unit Department of Botany
9 (RLIN) 1435921
880 1# - ALTERNATE GRAPHIC REPRESENTATION
Linkage 100-01
887 ## - NON-MARC INFORMATION FIELD
Content of non-MARC field Tanima
942 ## - ADDED ENTRY ELEMENTS (KOHA)
Koha item type Serials and Periodicals
Holdings
Withdrawn status Lost status Damaged status Not for loan Collection code Home library Current library Shelving location Date acquired Total Checkouts Date last seen Price effective from Koha item type
        Periodical Publications National Library of India National Library of India English Periodical Reading Room & Stack 18/10/2022   18/10/2022 18/10/2022 Serials and Periodicals
                                                                           
web counter

Copyright ©2020 The National Library of India, Govt. of India ↔ Hosted by NVLI, MOC ↔ Technology and Design by National Library of India, Ministry of Culture, Govt. of India